| 000 | 00614nam a2200205 a 4500 | ||
|---|---|---|---|
| 005 | 20210219153003.0 | ||
| 008 | 991125n 000 0 spa u | ||
| 035 | _aUPN01000071193 | ||
| 100 | 1 | _aValero Aguayo, Luis | |
| 222 | 0 | 0 | _aANALISIS Y MODIFICACION DE CONDUCTA |
| 245 | 0 | 0 | _aDéficits motivacionales en las tareas escolares : aplicación de un tratamiento intensivo con economía de fichas |
| 260 | _aEspaña | ||
| 300 | _a909-918 | ||
| 362 | 0 | _a1992 Vol. 18, no. 62 | |
| 653 | 0 | _aEDUCACION BASICA | |
| 653 | 0 | _aMOTIVACION | |
| 653 | 0 | _aTAREA ESCOLAR | |
| 904 |
_aAC _b009004 |
||
| 905 | _aArticulo | ||
| 999 |
_c65585 _d65585 |
||